Service-Learning and Physical education in Preservice Teacher Training : (Record no. 24353)
[ view plain ]
| 000 -LEADER | |
|---|---|
| fixed length control field | 00997nam a22002177a 4500 |
| 003 - CONTROL NUMBER IDENTIFIER | |
| control field | OSt |
| 005 - DATE AND TIME OF LATEST TRANSACTION | |
| control field | 20260218152821.0 |
| 008 - FIXED-LENGTH DATA ELEMENTS--GENERAL INFORMATION | |
| fixed length control field | 260218b |||||||| |||| 00| 0 eng d |
| 040 ## - CATALOGING SOURCE | |
| Transcribing agency | 0 |
| 082 ## - DEWEY DECIMAL CLASSIFICATION NUMBER | |
| Classification number | DPer 796.07 J826 January-October 2023 v. 42 n. 1-4 |
| 100 ## - MAIN ENTRY--PERSONAL NAME | |
| Personal name | Maravé-Vivas, María |
| Relator term | author. |
| 9 (RLIN) | 69727 |
| 245 ## - TITLE STATEMENT | |
| Title | Service-Learning and Physical education in Preservice Teacher Training : |
| Remainder of title | Toward the Development of Civic Skills and Attitudes / |
| Statement of responsibility, etc. | María Maravé-Vivas, Jesús Gil-Gomez, Odet Moliner García, Carlos Capella-Peris. |
| 260 ## - PUBLICATION, DISTRIBUTION, ETC. (IMPRINT) | |
| Place of publication, distribution, etc. | Champaign, IL |
| Name of publisher, distributor, etc. | Human Kinetics, Inc. , |
| Date of publication, distribution, etc. | October 2023. |
| 300 ## - PHYSICAL DESCRIPTION | |
| Extent | Volume 42, pages 631-639 : |
| Other physical details | illustration ; |
| Dimensions | 29 cm. |
| 500 ## - GENERAL NOTE | |
| General note | Journal of Teaching in Physical Education, vol. 42 no. 4, pages 631-639, July 2023. |
| 700 ## - ADDED ENTRY--PERSONAL NAME | |
| Personal name | Maravé-Vivas, María |
| Relator term | author. |
| 9 (RLIN) | 69727 |
| 700 ## - ADDED ENTRY--PERSONAL NAME | |
| Personal name | Gil-Gomez, Jesus. |
| Relator term | author. |
| 9 (RLIN) | 59905 |
| 700 ## - ADDED ENTRY--PERSONAL NAME | |
| Personal name | García, Odet Moliner |
| Relator term | author. |
| 9 (RLIN) | 69819 |
| 700 ## - ADDED ENTRY--PERSONAL NAME | |
| Personal name | Capella-Peris, Carlos. |
| Relator term | author. |
| 9 (RLIN) | 59904 |
| 942 ## - ADDED ENTRY ELEMENTS (KOHA) | |
| Source of classification or shelving scheme | Dewey Decimal Classification |
| Koha item type | Periodicals |
| Withdrawn status | Lost status | Source of classification or shelving scheme | Damaged status | Not for loan | Collection code | Home library | Current library | Date acquired | Total Checkouts | Full call number | Date last seen | Price effective from | Koha item type | Public note |
|---|---|---|---|---|---|---|---|---|---|---|---|---|---|---|
| Dewey Decimal Classification | Periodicals | UM Digos College - LIC | UM Digos College - LIC | 02/18/2026 | DPer 796.07 J826 January-October 2023 v. 42 n. 1-4 | 02/18/2026 | Periodicals | Periodical Article |
